=LDR 00000nam 2200000 4500 =001 INLIS000000000032384 =005 20130612134407 =008 ***********************************ind** =035 ##$$0010-061300000032384 =041 ##$$a ind =082 ##$$a 028..55 =090 ##$$a 028.55, Mua h =100 ##$$a MUAKHIR, Ali =245 ##$$a Hewan ajaib dalam Al-Qur'an, Ali Muakhir =260 ##$$a 2009 $b Jakarta =300 ##$$a 43 hlm, illus, 19 cm =650 ##$$a Bacaan Anak-anak =850 ##$$a NBPNMAT